États du Mexique - Mort Subite - Statistiques

Statistiques générales
  • Ce quiz a été pris 59 fois
  • Le résultat moyen est 10 sur 31
Answers on the Grid
Answers color-coded by a green-red scale on the quiz's grid according to % correct below.
Aguascalientes
Zacatecas
Yucatán
Veracruz
Tlaxcala
Tamaulipas
Tabasco
Sonora
Sinaloa
San Luis Potosí
Quintana Roo
Querétaro
Puebla
Oaxaca
Nuevo Léon
Basse-Californie
Basse-Californie du Sud
Campeche
Chiapas
Chihuahua
Coahuila
Colima
Guerrero
Hidalgo
Jalisco
Mexico
Michoacan de Ocampo
Guanajuato
Morelos
Nayarit
Durango
Monterrey
Estremadura
Burgos
Chubut
San Miguel de Tucuman
Arequipa
Caracas
La Rioja
District de Faro
Tijuana
Habanero
Havana
Cordoba
Ciudad Juarez
Guadalajara
Cagayán de Oro
Acapulco
 
Statistiques - réponses
Réponse % Correct
Chihuahua
52%
Yucatán
48%
Jalisco
42%
Mexico
42%
Veracruz
42%
Basse-Californie du Sud
39%
Chiapas
39%
Oaxaca
39%
Basse-Californie
36%
Guerrero
36%
Hidalgo
36%
Sinaloa
36%
Sonora
36%
Aguascalientes
33%
Nuevo Léon
33%
Quintana Roo
33%
Tamaulipas
33%
Coahuila
30%
Durango
30%
Puebla
30%
Tabasco
30%
Tlaxcala
30%
Campeche
27%
Nayarit
27%
Zacatecas
27%
Morelos
24%
San Luis Potosí
24%
Colima
21%
Guanajuato
21%
Querétaro
18%
Michoacan de Ocampo
9%
Aucun quiz correspondant
Distribution des résultats
% des personnes avec chaque résultat
Percentile par nombre de réponses
Votre historique - résultats
Vous n’avez pas pris ce quiz